Reflexe̳s sobre o agravamento do risco nos seguros de danos

Detalles Bibliográficos
Autor principal: Tzirulnik, Ernesto
Formato: eBook
Lenguaje:portugués
Publicado: San Pablo: Editora ContraCorrente, 2020
Materias:
Acceso en línea:Acceso restringido

MARC

LEADER 00000nam a22000007a 4500
005 20210819124122.0
007 cr|||| ||||
008 210819s2020 br |||||s|||| 00||0 por d
020 |a 9786599161285 
035 |a 35095 
040 |a vLex 
090 |c 12062  |d 12062 
100 1 |a Tzirulnik, Ernesto 
245 1 0 |a Reflexe̳s sobre o agravamento do risco nos seguros de danos  |h [Recurso electrn̤ico] /  |c Ernesto Tzirulnik 
256 |a Servicio en ln̕ea 
260 |a San Pablo:  |b Editora ContraCorrente,  |c 2020 
300 |a 1 recurso electrn̤ico 
506 1 |a Disponible solo en los productos indicados  |d vLex Global  |d vLex Global (Academic Edition, excluding Law Schools)  |d vLex Global (U.S. Academic Edition, Law Schools)  |d vLex Global (U.S. Academic Edition, excluding Law Schools)  |d vLex Global (Academic Edition, Law Schools) 
650 0 4 |a Seguros  |z Brasil 
740 0 |a vLex Libros (Servicio en ln̕ea) 
856 4 0 |u https://app.vlex.com/#/sources/35095  |z Acceso restringido 
942 |c BOOK 
999 0 |a Insurance